banner koha

Flora das cangas da Serra dos Carajás, Pará, Brasil: Gnetaceae (Registro n. 330894)

MARC details
000 -LÍDER
fixed length control field 01897nab a2200241 i 4500
003 - CÓDIGO MARC DA AGÊNCIA CATALOGADORA
Campo de controle BR-BrBNA
005 - DATA E HORA DA ÚLTIMA ATUALIZAÇÃO
Campo de controle 20250407145647.0
008 - CAMPO DE TAMANHO FIXO
fixed length control field 250407b2016 bl.qr|pooa||| 00| 0 por |
040 ## - FONTE DA CATALOGAÇÃO
Agência catalogadora BR-BrBNA
Idioma da catalogação por
072 ## - CATEGORIA AGRIS
Código AGRIS F70
100 ## - ENTRADA PRINCIPAL - NOME PESSOAL
Nome pessoal Mota, Nara Furtado de Oliveira
100 ## - ENTRADA PRINCIPAL - NOME PESSOAL
Nome pessoal Giulietti, Ana Maria
245 ## - TÍTULO PRINCIPAL
Título principal Flora das cangas da Serra dos Carajás, Pará, Brasil: Gnetaceae
500 ## - NOTA GERAL
Nota geral Publicação on-line; 7 ref.; 2 illus.; Summaries (En, Pt)
942 ## - ADDED ENTRY ELEMENTS (KOHA)
Koha item type Analítica
520 ## - NOTA DE RESUMO
Nota de conteúdo <br/><br/>Resumo<br/><br/>Gnetaceae é uma pequena família monotípica de Gimnospermas com aproximadamente 40 espécies do<br/>gênero Gnetum de distribuição pantropical. Na FLONA Carajás, são registradas três espécies de Gnetum: G.<br/>leyboldii e G. schwackeanum, exclusivas de formações florestais, e G. nodiflorum, registrada em canga. Para<br/>G. nodiflorum são apresentados descrição detalhada, ilustrações, distribuição e comentários morfológicos.<br/><br/>Palavras-chave: Gimnosperma, Gnetales, Gnetum, taxonomia.<br/><br/><br/><br/><br/>Abstract<br/><br/>Gnetaceae is a small, monotypic family of Gymnosperms with about 40 species of Gnetum of pantropical<br/>distribution. Of the three species found in the FLONA Carajás, G. leyboldii and G. schwackeanum occur in<br/>the forest, while only G. nodiflorum was recorded in canga. For Gnetum nodiflorum, a detailed morphological<br/>description, illustrations, distribution and morphological comments are presented.<br/><br/>Key words: Gymnosperm, Gnetales, Gnetum, taxonomy.
650 ## - ASSUNTO - THESAGRO
Cabeçalho tópico ou nome geográfico ÁRVORE GIMNOSPERMA
650 ## - ASSUNTO - THESAGRO
Cabeçalho tópico ou nome geográfico TAXONOMIA
650 ## - ASSUNTO - THESAGRO
Cabeçalho tópico ou nome geográfico FLORA
773 0# - ENTRADA ANALÍTICA
Host Biblionumber 709
Registro do item 349694
Imprenta Rio de Janeiro-RJ Jardim Botanico do Rio de Janeiro 1935
Outro identificador 2025-2214
Título Rodriguésia (Brazil)
ISSN 0370-6583; 2175-7860 on-line
Colação v. 67(5 special number) p. 1191-1194; (2016)
Número de controle de registro BR2025000285
856 ## - ACESSO E ENDEREÇO ELETRÔNICO
Identificador uniforme de recurso - URI https://www.scielo.br/j/rod/a/6fJWk5dBry4cSVdTK4w3ymH/?format=pdf&lang=pt

Nenhum exemplar disponível.

BINAGRI

Telefone: (61)3218-2567/2388/3357/2097 - binagri@agro.gov.br

Ministério da Agricultura e Pecuária , Esplanada dos Ministérios, Bloco D, Anexo B, Brasília/DF, CEP: 70.043-900